| 000 | 01154nam a2200265Ia 4500 | ||
|---|---|---|---|
| 003 | OSt | ||
| 005 | 20221005105651.0 | ||
| 006 | a|||||r|||| 00| 0 | ||
| 007 | ta | ||
| 008 | 221004b |||||||| |||| 00| 0 hin d | ||
| 020 |
_a8181430352 (hbk) _c250 |
||
| 024 | _a97294 | ||
| 037 |
_b572, 23/03/2009, Vani Prakashan _cTextual |
||
| 040 |
_aCRL _cCRL _bhin |
||
| 041 |
_2hin _ahin |
||
| 082 | _aQ6:65.2, 152P4 | ||
| 100 | _aशौरी, अरूण | ||
| 245 | 0 |
_aभारत में ईसाई धर्म - प्रचारतंत्र _b निरंतरताएॅं, परिवर्तन, दुविधाएॅं |
|
| 246 | _aBhārat mean īsāī dharma - prachāratantra: nirantaratāeॅan, parivartana, duvidhāeॅan | ||
| 260 |
_aनई दिल्ली _bवाणी प्रकाशन भारत _c2004 |
||
| 300 |
_a267पृ0 _ccm. |
||
| 700 | _a नागेश्वर सिंह, अनु. | ||
| 942 |
_hQ6:65.2, 152P4 _cTEXL _2cc |
||
| 999 |
_c1016516 _d1016516 |
||